| 000 | 00355nam a2200145Ia 4500 | ||
|---|---|---|---|
| 008 | 230917s9999||||xx |||||||||||||| ||und|| | ||
| 040 |
_e62338 _aMAIN |
||
| 041 | _aEnglish | ||
| 082 | _a323.4 H225C | ||
| 100 | _aSwarup, Hari | ||
| 245 | 0 | _aConcept of freedom under communism | |
| 260 |
_aAllahabad _bLokharti _c1968 |
||
| 300 | _av, 187 p. | ||
| 942 | _cBK | ||
| 999 |
_c71454 _d71454 |
||